000 00964nam a2200289Ia 4500
008 160803s9999 xx 000 0 und d
020 _a0 439830133
100 _aAmmon, Richard
245 _aValley Forge /
245 _cby Richard Ammon ; illustrated by Bill Farnsworth.
260 _aNew York :
260 _bScholastic Inc.
260 _c2004
300 _a32 pages :
300 _bcolor illustrations ;
300 _c28 cm
650 _aUnited States -- History -- Revolution, 1775-1783 --
650 _aUnited States. -- Continental Army -- Military life --
650 _aValley Forge (Pa.) -- History -- 18th century --
650 _aWashington, George, -- 1732-1799 -- Headquarters -- Pennsylvania -- Valley Forge --
650 _aWashington, George, -- 1732-1799.
650 _xJuvenile literature.
650 _xJuvenile literature.
650 _xJuvenile literature.
650 _xJuvenile literature.
700 _a1040
999 _c299131
_d299131